000 00229nam a2200097Ia 4500
008 190216s9999||||xx |||||||||||||| ||und||
100 _aAllen G H J&Amp;Etc
245 0 _aScience Masters Book
260 _bJohn Murrary
942 _cBK
999 _c32678
_d32678